000 00507nam 22001693 4500
001 199193
090 _a199193
100 _a20251120d u||y0pory50 ba
200 _aMaterialismo e empiriocriticismo
_enotas críticas sobre uma filosofia reaccionária
_fV.I. Lénine
210 _aLisboa
_cEdições Avante
_d1982
215 _a339 p.
_cbrochado
_d22 cm
606 _91246
_aPolítica
675 _a32
_vPT
_zpor
700 _915089
_aLénine
_bV.I.
801 _aPT
_bBMMN
_gRPC
830 _cFernando
_fFernando
990 _cLIVROS